Normal view
MARC view
- Low-volume roads
Entry Topical Term
001 - CONTROL NUMBER
- control field: 38627
003 - CONTROL NUMBER IDENTIFIER
- control field: NUST
005 - DATE AND TIME OF LATEST TRANSACTION
- control field: 20210314131046.0
008 - FIXED-LENGTH DATA ELEMENTS
- fixed length control field: 210314|| aca||aabn | a|a d
040 ## - CATALOGING SOURCE
- Original cataloging agency: NUST
- Transcribing agency: NUST
150 ## - HEADING--TOPICAL TERM
- Topical term or geographic name entry element: Low-volume roads
- General subdivision: Design and construction
670 ## - SOURCE DATA FOUND
- Source citation: Work cat.: (NUST): Economic design of low-traffic roads :, 1986.
